| 000 | 00504nam a22001937a 4500 | ||
|---|---|---|---|
| 003 | MPLRDC | ||
| 005 | 20220104154822.0 | ||
| 008 | 210129b ||||| |||| 00| 0 eng d | ||
| 020 | _a957-0365-67-7 | ||
| 082 | _a528.21 ZCA | ||
| 100 | _a郑承艾 | ||
| 245 |
_a耶鲁男孩 _c |
||
| 250 | _a第一版 | ||
| 260 |
_a台湾 _b妇女与生活社文化事业有限公司 _c2002 |
||
| 300 | _b333 | ||
| 490 | _a成功父母讲座. 01 | ||
| 650 | _a子女教育; 亲子教育 | ||
| 942 |
_cBK _o528.21 ZCA |
||
| 999 |
_c54175 _d54165 |
||